| 000 | 00617 a2200169 4500 | ||
|---|---|---|---|
| 020 | _a0691085498 | ||
| 020 | _a9780691085494 | ||
| 082 | 0 | 4 | _a530 |
| 090 |
_c848 _d848 |
||
| 100 | 1 | _aEinstein, Albert. | |
| 245 | 1 | 4 |
_aThe collected papers of albert einstein. _nVolume 2 : _bthe swiss years : _bwritings, 1900-1909 / _cAlbert Einstein, Anna Beck. |
| 260 |
_a[S.l.] : _bPrinceton University Press, _c1989. |
||
| 300 |
_a413 p. ; _c24 cm. |
||
| 700 | 1 | _aBeck, Anna. | |
| 942 |
_aSNS _cBK _k530 BEC |
||
| 999 |
_c29472 _d29472 |
||